| 000 | 00552nam a2200181 a 4500 | ||
|---|---|---|---|
| 001 | 1893 | ||
| 005 | 20140414131922.0 | ||
| 008 | 020416s19uu xx 00 eng d | ||
| 020 | _a81-85559-25-2 | ||
| 050 |
_aER _bSl2 1991 |
||
| 245 |
_aSleeping beauty / _cillustration Special Effects Enterprise. |
||
| 260 |
_aWorli Naka, Bombay : _bHiralal Printing Works Pvt., _c1991. |
||
| 300 | _a1 v. p. : ill. ; cm. | ||
| 440 | _aKeep Busy Series of Fairy Tales Book. | ||
| 650 | _aFairy tales. | ||
| 650 |
_aChildren stories _xFiction. |
||
| 999 |
_c111790 _d111790 |
||